On a Night Like Tonight- Niall Horan (All Lyrics) - Statistics

General Stats
  • This quiz has been taken 26 times
  • The average score is 169 of 211
Answer Stats
Hint Lyrics % Correct
a
100%
like
100%
on
100%
night
95%
tonight
95%
you
95%
your
95%
mine
90%
are
85%
by
85%
in
85%
it
85%
it's
85%
stars
85%
this
85%
two
85%
what
85%
Pre - Chorus: if
80%
just
80%
pressed
80%
skin
80%
summer
80%
up
80%
we
80%
down
75%
here
75%
know
75%
passing
75%
wanna
75%
Verse 1: Wanting
75%
wanting
75%
way
75%
yeah
75%
good
70%
heaven
70%
high
70%
my
70%
tastes
70%
then
70%
what's
70%
falling
65%
loving
65%
me
65%
mind
65%
rain
65%
anything
60%
baby
60%
eyes
60%
for
60%
of
60%
tell
60%
blow
55%
dance
55%
dreams
55%
except
55%
goodbye
55%
hearts
55%
now
55%
so
55%
supermoon
55%
watch
55%
fire
50%
Verse 2: innocent
50%
kisses
50%
life
50%
new
50%
taking
50%
wildest
50%
wire
50%
got
45%
rippling
45%
walking
45%
that
40%
No matching quizzes found
Score Distribution
Percent of People with Each Score
Percentile by Number Answered
Your Score History
You have not taken this quiz